00796cam a22002537a 450000500170000000800410001701000100005801100100006803500100007808200130008810000260010124500890012726000370021630000110025349000390026465000210030365000270032465000310035165000130038270000210039570000200041671000670043683000390050320220817043102.0971010s1988 r 00010 d a65099 a66071 a73926 a634bH3700aHardenburg, Robert E. 0aAlmacenamiento comercial de frutas, legumbres y existencia de floristerias y viveros aSan José, C. R. :bIICA,c1988 a150 p. 0aInvestigación y desarrollov; 1614aFloresxEmpaque.14aFrutaxAlmacenamiento.14aLegumbresxAlmacenamiento.14aViveros.0 aWatada, Alley E.0 aXi Wang, Chien.0 aInstituto Interamericano de Cooperación para la Agricultura.0 aInvestigación y desarrollov; 16